000 00604nam a22001817a 4500
999 _c176753
_d176753
005 20210122150633.0
010 _aENG-128825
020 _c200.00
_a978-81-7254-281-X
035 _aEN-112357
037 _bDBAD/PUB
082 _a000
100 _aBabu, C. Sylendra
245 _aYou Too Can Become An IPS Officer/
_bby C. Sylendra Babu
260 _aChennai
_bSura College of Competition
_c2018
270 _bChennai
_e600040
_a1620, J Block, 16th Main Road, Anna Nagar
_k044-26162173, 261161099
_menquiry@surabooks.com
300 _a312p.
_c22cm(pbk)
942 _2ddc
_cEN
_h000
_mBAB